00909cam3a220027700 4500001001200000008004100012010002200053015000900075035001900084035002700103035002200130043001200152050001700164082001400181100004100195245005400236260003600290440003300326500003400359504004100393651005700434651007100491949004600562004000600608999001700614lcf00264103770707s1975 fr a bs i000 0 spa  a 77465616 //r84 aF*** a(Sirsi) r41328 a(DLC) 77465616 //r84 a(UPRA)lcf00264103 as-cl---0 aHB3565b.G87 a312/.09832 aGutierrez Roldan, Hector.6A101870.113aLa poblacion de Chile /cHector Gutierrez Roldan. a[Paris] :bC.I.C.R.E.D.,c1975. 0aC.I.C.R.E.D. series6S8276.1 a"1974 World population year." aIncludes bibliographical references. 0aChile -- Population.xChile -- Population.6S73630.1 0aChile -- Statistics, Vital.xChile -- Statistics, Vital.6S73631.1 aHB3565wlcci-50283mMAINtBOOKlON-SHELF41328 c94342d94342